| 000 | 00551nam a2200205 a 4500 | ||
|---|---|---|---|
| 005 | 20210219152843.0 | ||
| 008 | 991125n 000 0 eng u | ||
| 035 | _aUPN01000063317 | ||
| 100 | _aBergman, Emily | ||
| 222 | _aSPECIAL LIBRARIES | ||
| 245 | _aAims of user education : special library results | ||
| 300 | _a156-162 | ||
| 362 | _a1992 83, No. 3 | ||
| 505 | _aFebrero 1993 | ||
| 653 | 0 | _aBIBLIOTECAS ESPECIALIZADAS | |
| 653 | 0 | _aENSE\197ANZA EN LA BIBLIOTECA | |
| 700 | _aMaman, Lill | ||
| 904 |
_aAC _b001128 |
||
| 905 | _aArticulo | ||
| 999 |
_c62068 _d62068 |
||